Most Guessed Country by Continent on Five Most Guessed Countries by Continent Quiz - Statistics

General Stats
  • This quiz has been taken 135 times
  • The average score is 6 of 6
Answer Stats
Continent % Original % Guessed Country % Correct
South America 94 % 97 % Brazil
99%
Asia 95 % 98 % China
99%
North America 97 % 98 % United States
99%
Oceania 94 % 97 % Australia
98%
Europe 94 % 98 % France
98%
Africa 88 % 97 % South Africa
94%
No matching quizzes found
Score Distribution
Percent of People with Each Score
Percentile by Number Answered
Your Score History
You have not taken this quiz